UBT Library

Using and managing soils. (Record no. 40978)

000 -LEADER
fixed length control field 00511cam a22002171 4500
001 - CONTROL NUMBER
control field 8350961
005 - DATE AND TIME OF LATEST TRANSACTION
control field 20180125091346.0
008 - FIXED-LENGTH DATA ELEMENTS--GENERAL INFORMATION
fixed length control field 750902s1948 xx 000 0 eng
010 ## - LIBRARY OF CONGRESS CONTROL NUMBER
LC control number agr48000187
035 ## - SYSTEM CONTROL NUMBER
System control number (OCoLC)1590959
040 ## - CATALOGING SOURCE
Original cataloging agency DLC
Transcribing agency FMU
Modifying agency OCoLC
-- DLC
041 ## - LANGUAGE CODE
Language code of text/sound track or separate title eng
042 ## - AUTHENTICATION CODE
Authentication code premarc
080 ## - UNIVERSAL DECIMAL CLASSIFICATION NUMBER
Universal Decimal Classification number 631.4 GUS
082 ## - DEWEY DECIMAL CLASSIFICATION NUMBER
Classification number 631.4 GUS
100 1# - Rafti
Rafti 9
101 ## - Shkurtesa
Shkurtesa MJE
245 10 - TITLE STATEMENT
Title Using and managing soils.
906 ## - LOCAL DATA ELEMENT F, LDF (RLIN)
a 7
b cbc
c oclcrpl
d u
e ncip
f 19
g y-gencatlg
942 ## - ADDED ENTRY ELEMENTS (KOHA)
Source of classification or shelving scheme
Item type Books
Holdings
Withdrawn status Lost status Source of classification or shelving scheme Damaged status Not for loan Collection code Permanent location Current location Shelving location Date acquired Total Checkouts Full call number Barcode Date last seen Price effective from Koha item type
          Koleksioni i përgjithshem UBT - Lipjan UBT - Lipjan Koleksioni i përgjithshem 01/25/2018   631.4 GUS 002-2996562 01/25/2018 01/25/2018 Books
UBT Library © 2015-2024. All rights reserved University Education for Business and Technology